| 000 | 00461nam a22001817a 4500 | ||
|---|---|---|---|
| 003 | 3228 | ||
| 005 | 20250708094601.0 | ||
| 008 | 250708b sa ||||e |||| 00| 1 AFR d | ||
| 020 |
_a0949993050 _qhbk |
||
| 040 |
_aRDA _c3228 |
||
| 041 | _2A | ||
| 082 | _aAF DEVL | ||
| 100 |
_ade Vlamingh, Marlese _9191210 |
||
| 245 |
_aHawe altyd bly / _cMarlese de Vlamingh |
||
| 260 |
_aHoneydew _bGerwe-Boeke |
||
| 300 |
_a126 Pages; _bJacket; _c18 cm. |
||
| 942 |
_2ddc _cBK _w245 _xIzakina Blanche _y245 _zIzakina Blanche |
||
| 999 |
_c779226 _d779225 |
||